Sistemas de información para la industria de la construcción (Registro nro. 166208)
[ vista simple ]
| 000 -LEADER | |
|---|---|
| fixed length control field | 03862nam a22002777a 4500 |
| 007 - PHYSICAL DESCRIPTION FIXED FIELD--GENERAL INFORMATION | |
| fixed length control field | cr|||| |||| |
| 008 - FIXED-LENGTH DATA ELEMENTS--GENERAL INFORMATION | |
| fixed length control field | 180517s2018 mx |||||s|||| 00||0 spa d |
| 020 ## - INTERNATIONAL STANDARD BOOK NUMBER | |
| International Standard Book Number | 978-607-8552-56-6 |
| 035 ## - | |
| -- | 21707 |
| 040 ## - CATALOGING SOURCE | |
| Original cataloging agency | vLex |
| 090 ## - | |
| -- | 7971 |
| -- | 7971 |
| 100 1# - MAIN ENTRY--PERSONAL NAME | |
| Personal name | Mathelín Leyva, Carlos R. |
| 245 10 - TITLE STATEMENT | |
| Title | Sistemas de información para la industria de la construcción |
| Medium | [Recurso electrónico] / |
| Statement of responsibility, etc | Carlos R. Mathelín Leyva |
| 256 ## - | |
| -- | Servicio en línea |
| 260 ## - PUBLICATION, DISTRIBUTION, ETC. (IMPRINT) | |
| Place of publication, distribution, etc | Ciudad de México: |
| Name of publisher, distributor, etc | Instituto Mexicano de Contadores Públicos, |
| Date of publication, distribution, etc | 2018 |
| 300 ## - PHYSICAL DESCRIPTION | |
| Extent | 1 recurso electrónico |
| 500 ## - GENERAL NOTE | |
| General note | Esta obra tiene como objetivo conocer la industria de la construcción para generar un informe analítico sobre el tipo de contratos de construcción y el registro de cada una, de acuerdo con la forma en que fue contratada; además del tratamiento contable que debe aplicarse para registrar cada operación que se realiza por los contratos de obra convenidos, y del que se puede obtener la información de los ingresos por esta; determinar el costo de cada una de las obras contratadas para verificar la información contable-financiera de obras ejecutadas contra los presupuestos de obras aprobadas, y tener la información analítica de las mismas, así como los elementos de juicio necesarios para la toma de decisiones. Tal como lo señalan las Normas de Información Financiera (NIF), en los postulados básicos de la contabilidad financiera, esta produce información indispensable para el análisis y la administración de las actividades y objetivos propios que realiza cada entidad económica, a una fecha determinada para la medición y cuantificación cualitativa de los resultados obtenidos. La evolución constante de los sistemas de contabilidad debe estar respaldada por las NIF, de acuerdo con los criterios sobre la naturaleza de la información que se requiere generar para la actividad principal de cada sector industrial y comercial, como es el caso de la industria de la construcción. También es importante conocer el tipo de contratos a realizar por parte de las empresas constructoras, el marco legal y sus alcances, así como el tratamiento contable específico en cada caso en particular (los contratos a precios unitarios, a precio alzado, construcción de obra directa o por administración, los cuales tienen características diferentes en cada tipo de contrato de construcción). La organización que adopten las empresas que se dediquen a la industria de la construcción puede ser variada, dependiendo de las características de cada una, de acuerdo con su tamaño y las operaciones que realice, pero requiere contar con un sistema de información adecuado a su actividad, veraz y confiable para generar la información financiera que permita conocer oportunamente el monto de sus ingresos, costos y gastos ejercidos en cada una de las obras contratadas, con el fin de validar la información financiera contra los presupuestos de obra estimados y tomar las decisiones oportunas, en caso de que existan variaciones en los volúmenes y conceptos de obra estimados contra los ejecutados, y así conocer y cuidar los costos de obra contratados y la adecuada aplicación de los recursos de cada una de las obras convenidas. |
| 506 1# - RESTRICTIONS ON ACCESS NOTE | |
| Terms governing access | Disponible solo en los productos indicados |
| Authorized users | vLex Global |
| -- | vLex Global (Academic Edition, excluding Law Schools) |
| -- | vLex Global (U.S. Academic Edition, Law Schools) |
| -- | vLex Global (U.S. Academic Edition, excluding Law Schools) |
| -- | vLex Global (Academic Edition, Law Schools) |
| 650 04 - SUBJECT ADDED ENTRY--TOPICAL TERM | |
| Topical term or geographic name as entry element | Derecho Civil |
| Geographic subdivision | México |
| 650 04 - SUBJECT ADDED ENTRY--TOPICAL TERM | |
| Topical term or geographic name as entry element | Economía y negocios |
| Geographic subdivision | México |
| 650 04 - SUBJECT ADDED ENTRY--TOPICAL TERM | |
| Topical term or geographic name as entry element | Contabilidad |
| Geographic subdivision | México |
| 740 0# - | |
| -- | vLex Libros (Servicio en línea) |
| 856 40 - LOCALIZACIÓN Y ACCESO ELECTRÓNICO | |
| Identificador Uniforme del Recurso (URI/URL) | https://app.vlex.com/#/sources/sistemas-de-informacion-para-la-industria-de-la-construccion-21707 |
| 942 ## - | |
| -- | RAA |
| 999 ## - | |
| -- | 166208 |
| -- | 166208 |
No hay ítems disponibles.